000 00710nam a2200229 a 4500
008 951214s1988||||[C 0 slo c
020 _c16 Kčs.
_q(3000 výtl.)
040 _aSNK
_bslo
_cSNK
_eAACR2
041 1 _aslo
_hslo
044 _axo
_cSK
080 _a885.4-3
100 1 _aMoravčík, Štefan
_d1943-
_4aut
245 1 0 _aSťahovanie rieky
_bDielo v zrode
_cŠtefan Moravčík ; Pavol Blažo, Martin Kellenberger
250 _a1., vyd.
260 _aBratislava
_bSlovenský spisovateľ
_c1988
_eBratislava
_fPravda
300 _a119 s., 5,30 AH
_c21 cm
490 0 _aNová próza
500 _aIlustr. na front.
700 1 _aBlažo, Pavol
_4bkd
700 1 _aKellenberger, Martin
_4bkd
958 _aA
999 _c12250
_d12250